000 00632nam a2200253Ia 4500
003 OSt
005 20220918185816.0
006 a|||||r|||| 00| 0
007 ta
008 220917b |||||||| |||| 00| 0 eng d
024 _a52,892
037 _cTextual
040 _aARTS
_cARTS
_beng
041 _2eng
_aeng
082 _aP122,H:1, K3
100 _aSten H
_970381
245 0 _aManuel de phonetique Francaise
250 _a3rd
260 _aMunksgaard
_bScandinvaian
_c1963
300 _a131p.
_ccm.
650 _aLINGUISTICS
942 _hP122,H:1, K3
_cTEXL
_2CC
999 _c182250
_d182250